Loading...
| Fine Arts - Classical Music | 0 | 4 | 0 | 2 | 40 | 111 | 123.50 | 0 | 0 | 1.68 | 11.82 |
| Science - Biology | 0 | 3 | 0 | 0 | 30 | 84 | 108.33 | 0 | 0 | 3.80 | 9.09 |
| Religion | 0 | 3 | 0 | 0 | 30 | 73 | 106.67 | 1 | 1 | 4.78 | 10.91 |
| Pop Culture | 0 | 1 | 0 | 0 | 10 | 112 | 112.00 | 0 | 0 | 10.00 | 5.00 |
| Literature - World | 0 | 1 | 0 | 0 | 10 | 133 | 133.00 | 0 | 0 | 0.81 | 3.64 |
| History - Other | 0 | 1 | 0 | 0 | 10 | 86 | 86.00 | 0 | 1 | 3.08 | 5.45 |
| Fine Arts - Other | 0 | 1 | 0 | 0 | 10 | 118 | 118.00 | 0 | 1 | 1.94 | 7.27 |
| History - American | 0 | 1 | 0 | 0 | 10 | 121 | 121.00 | 0 | 1 | 0.43 | 5.45 |
| Social Science | 0 | 1 | 1 | 1 | 5 | 113 | 113.00 | 0 | 0 | 1.19 | 4.55 |
| Philosophy | 0 | 1 | 1 | 0 | 5 | 97 | 97.00 | 0 | 1 | 2.97 | 7.27 |
| Science - Chemistry | 0 | 1 | 1 | 0 | 5 | 117 | 117.00 | 0 | 0 | 0.23 | 2.73 |
| Current Events | 0 | 0 | 1 | 0 | -5 | 0.00 | 0 | 0 | 0.00 | 0.00 | |
| History - World | 0 | 0 | 1 | 0 | -5 | 0.00 | 0 | 0 | 0.00 | 0.00 |